000 00901cam a22002415a 4500
001 L150828
008 100907s2009 xxk f 000 0 eng d
020 _a9781847663221
035 _a(Sirsi) u150828
041 0 _aeng
050 0 4 _a346.41068 $2 18
100 1 _aWhittaker, John
245 0 4 _aThe law of limited liability partnerships
250 _a3rd ed.
260 _aHaywards Heath
_bBloomsbury Professional
_c2009
300 _alxvii, 572p.
_c25cm.
520 _aOffers guidance on the law relating to limited liability partnerships, and highlights potential problem areas. Includes an extended analysis of members' duties, a new chapter on financial services regulation, and a comparative analysis of the UK hybrid with those overseas.
590 _aKA
651 4 _aEngland and Wales
_y1543-
690 _aMANAGEMENT-BUSINESS MANAGEMENT
700 1 _aMachell, John
942 _n0
999 _c110996
_d110996